Regional Trade Arrangements.

Regional trade arrangements have recently attracted growing interest, as existing schemes are either being extended or revived and new groupings are being formed. This study reviews recent initiatives and the experience with regional integration in industrial and developing countries and discusses t...

Ausführliche Beschreibung

Bibliographische Detailangaben
Körperschaft: International Monetary Fund
Format: Zeitschrift
Sprache:English
Veröffentlicht: Washington, D.C. : International Monetary Fund, 1992.
Schriftenreihe:Occasional Papers; Occasional Paper ; No. 1992/005
Online Zugang:Full text available on IMF
LEADER 01408cas a2200241 a 4500
001 AALejournalIMF015739
008 230101c9999 xx r poo 0 0eng d
020 |c 15.00 USD 
020 |z 9781557752277 
022 |a 0251-6365 
040 |a BD-DhAAL  |c BD-DhAAL 
110 2 |a International Monetary Fund. 
245 1 0 |a Regional Trade Arrangements. 
264 1 |a Washington, D.C. :  |b International Monetary Fund,  |c 1992. 
300 |a 1 online resource (59 pages) 
490 1 |a Occasional Papers 
500 |a <strong>Off-Campus Access:</strong> No User ID or Password Required 
500 |a <strong>On-Campus Access:</strong> No User ID or Password Required 
506 |a Electronic access restricted to authorized BRAC University faculty, staff and students 
520 3 |a Regional trade arrangements have recently attracted growing interest, as existing schemes are either being extended or revived and new groupings are being formed. This study reviews recent initiatives and the experience with regional integration in industrial and developing countries and discusses the implications of the recent expansion of the trend for the multilateral trading system. 
538 |a Mode of access: Internet 
830 0 |a Occasional Papers; Occasional Paper ;  |v No. 1992/005 
856 4 0 |z Full text available on IMF  |u http://elibrary.imf.org/view/books/084/05651-9781557752277-en/05651-9781557752277-en-book.xml  |z IMF e-Library